000 00315nam a22001097a 4500
005 20100611145444.0
008 100611t xxu||||| |||| 00| 0 eng d
245 _aIndia today
260 _aNoida
_bWecare
_911495
942 _cGM
_s1
952 _w2010-06-11
_pP4
_r2010-06-11
_40
_00
_bUL
_10
_d2010-06-11
_70
_2udc
_yGM
_aUL
999 _c11024
_d11023